000 00375pab a2200145 454500
008 180718b1983 xxu||||| |||| 00| 0 eng d
100 _aHalligan, John
245 _aCommissioners in Australian local government
260 _c1983
300 _a7-13
362 _aJan.-Feb.
650 _aLocal Government - Australia
773 _aLocal Government Studies
909 _a12725
999 _c12725
_d12725